Statistiken für Mark Forster Songs

Klicken Sie hier um das Quiz zu spielen!

Allgemein

  • Dieses Quiz wurde 522 mal gespielt
    (492 seit der letzten Aktualisierung)
  • Das Durchschnittsergebnis liegt bei 7 aus 57

Antwortstatistiken

HintAntwort% Korrekt
Chöre
85%
Bauch und KopfAu revoir
74%
Liebe
62%
Bauch und Kopf
60%
Karton
53%
194 Länder
52%
Flash mich
38%
Sowieso
32%
Andere LiederKogong
28%
Wir sind gross
23%
Hallo
19%
Wie früher mal dich
17%
Einmal
15%
Stimme
11%
Danke Danke
10%
747
9%
Einer dieser Steine
9%
KartonAuf dem Weg
8%
Natalie
8%
Königin Schwermut
7%
LiebeComeback
6%
Flüsterton
6%
Genau wie du
5%
Killer
5%
Nimmerland
5%
TapeSpul zurück
5%
Willkommen zurück
5%
Zu oft
5%
Chip in
4%
Da fährt ein Bus
4%
Irgendwann happy
4%
Like a lion
4%
Schöner Scherbenhaufen
4%
Zu dir
4%
Du und ich
3%
Für immer forever
3%
Gerade jetzt
3%
Ich trink auf dich
3%
Immer immer gleich
3%
Nur du
3%
Oh love
3%
Was du nicht tust
3%
Was Ernstes
3%
Weiter
3%
Alles wird gut
2%
Bergab
2%
Die beste Nacht
2%
Die kleinen Dinge
2%
Geisterjäger
2%
Hundert Stunden
2%
Selfie
2%
Sie ist weg
2%
Wer du bist
2%
Du fliegst davon
1%
Froh sein
1%
So spät
1%
Wo ist dein Feuer
1%

Verteilung der Resultate

Perzentil nach korrekt beantworteten Fragen

Anzahl Personen mit jedem Resultat

Ihre Resultats-Entwicklung

Sie haben dieses Quiz seit der letzten Aktualisierung nicht gespielt